01080nam a2200241 i 4500001000300000245014300003246006500146260006500211300002700276490005900303500008800362650003000450650005800480655001600538700003000554830005900584020001500643040000800658041001300666080002000679008004100699856009800740bg00aPromieniowe rozdzielaczowe pompy wtryskowe VR :binformator techniczny Bosch wydanie 2000/2001 /c[tł. z jęz. niem. Antoni Szulborski]. iTyt. oryg.:aDiesel-Radialkolben-Verteilereinspritzpumpen VR aWarszawa :bWydawnictwa Komunikacji i Łączności,c2000. a52 s. :bil. ;c30 cm.1 aElektroniczne Sterowanie Silników Wysokoprężnych aTyt. oryg.: "Diesel-Radialkolben-Verteilereinspritzpumpen VR" 2000. - Opis wg okł. 9aUkład paliwowo-wtryskowy 9aSilniki wysokoprężnexurządzeniaxautomatyzacja aInformatory1 aSZULBORSKI, Antoni.eTł. aElektroniczne Sterowanie Silników Wysokoprężnych a8320613507 cBPK1 apolhger a621.436-52(058) s pl f |000 0 pol  uhttp://koha.tu.koszalin.pl/cgi-bin/koha/opac-detail.pl?biblionumber=35088yKatalog online BPK